Chars français - Statistiques

Statistiques générales
  • Ce quiz a été pris 144 fois
  • Le résultat moyen est 7 sur 12
Statistiques - réponses
Par images Réponse % Correct
B1
86%
Leclerc
79%
AMX 30
75%
ARL 44
74%
AMX 13
72%
Renault FT
67%
Saint Chamond
67%
Somua
61%
AMX 40
51%
AMX 32
45%
Schneider
31%
Renault R35
22%
Aucun quiz correspondant
Distribution des résultats
% des personnes avec chaque résultat
Percentile par nombre de réponses
Votre historique - résultats
Vous n’avez pas pris ce quiz